Теория гравитации

Bibliografische gegevens
Hoofdauteur: Логунов А. А.
Andere auteurs: Мествиришвили М. А.
Taal:Russisch
Gepubliceerd in: Москва, Изд-во МГУ, 1985
Onderwerpen:
Formaat: Boek
KOHA link:https://koha.lib.tpu.ru/cgi-bin/koha/opac-detail.pl?biblionumber=101582

MARC

LEADER 00000nam0a2200000 4500
001 101582
005 20231031112705.0
035 |a (RuTPU)RU\TPU\book\109521 
090 |a 101582 
100 |a 20060913d1985 k y0rusy50 ca 
101 0 |a rus 
102 |a RU 
105 |a y z 001zy 
200 1 |a Теория гравитации  |f А. А. Логунов, М. А. Мествиришвили 
210 |a Москва  |c Изд-во МГУ  |d 1985 
215 |a 80 с. 
320 |a Библиогр.: с. 78-79. 
610 1 |a физика 
610 1 |a гравитация 
610 1 |a всемирное тяготение 
675 |a 531.5  |v 3 
700 1 |a Логунов  |b А. А. 
701 1 |a Мествиришвили  |b М. А. 
801 1 |a RU  |b 63413507  |c 20060913  |g PSBO 
801 2 |a RU  |b 63413507  |c 20071016  |g PSBO 
942 |c BK